00387nam a2200121Ia 4500020001800000082001800018100002000036245004500056260005000101300001000151650002800161653007600189 a9788120314610 a621.3813bRIZ aRizzi, Peter A. aMicrowave engineering : passive circuits bPHI Learning Private LimitedaNew Delhic2011 a572p. aElectronics Engineering aMicrowave circuits, Elementary fields&waves, Transmission- line theory,